Ser, sociedad y ecología: perspectiva Maya
Αποθηκεύτηκε σε:
| Κύριος συγγραφέας: | |
|---|---|
| Συγγραφή απο Οργανισμό/Αρχή: | |
| Μορφή: | Κείμενο |
| Έκδοση: |
San José:
Liga Maya Internacional
|
| Ετικέτες: |
Προσθήκη ετικέτας
Δεν υπάρχουν, Καταχωρήστε ετικέτα πρώτοι!
|
MARC
| LEADER | 00000 a a2200000 04500 | ||
|---|---|---|---|
| 001 | 23569 | ||
| 003 | |||
| 040 | |||
| 090 | |a 162300 | ||
| 100 | |a Matul, Daniel | ||
| 110 | |a Liga Maya Guatemala | ||
| 245 | |a Ser, sociedad y ecología: perspectiva Maya | ||
| 260 | |a San José: |b Liga Maya Internacional | ||
| 300 | |a 22 p | ||
| 999 | |c 13015 |d 13015 | ||
